Welcome to the Holygrace Academy Library

Please use search bar below to get started

ENCYCLOPEDIA OF WORLD WRITERS (Record no. 1780)

MARC details
000 -LEADER
fixed length control field 00376nam a22001457a 4500
020 ## - INTERNATIONAL STANDARD BOOK NUMBER
ISBN 978-81-309-1439-8
082 ## - DEWEY DECIMAL CLASSIFICATION NUMBER
Classification number 030
Item number DIA/E
100 ## - MAIN ENTRY--AUTHOR NAME
Personal name DIAMOND, MARIA JOSEPHINE
245 ## - TITLE STATEMENT
Title ENCYCLOPEDIA OF WORLD WRITERS
Remainder of title 19TH & 20TH CENTURIES
250 ## - EDITION STATEMENT
Edition statement FIRST INDIAN EDITION
260 ## - PUBLICATION, DISTRIBUTION, ETC. (IMPRINT)
Place of publication DELHI
Name of publisher VIVA BOOKS
Year of publication 2010
300 ## - PHYSICAL DESCRIPTION
Number of Pages 512
650 ## - SUBJECT ADDED ENTRY--TOPICAL TERM
Topical Term ENCYCLOPEDIA
Geographic subdivision INDIA
942 ## - ADDED ENTRY ELEMENTS (KOHA)
Koha item type Books
Holdings
Withdrawn status Lost status Collection code Home library Current library Shelving location Date acquired Source of acquisition Cost, normal purchase price Full call number Accession Number Koha item type
    Reference Main Library Main Library SHELF 1-B DICTIONARIES& ENCYCLOPEDIAS 11/10/2012 purchase 1295.00 030 DIA/E 03420 Books